000 00347nam a2200133Ia 4500
008 240624s9999 xx 000 0 und d
041 _aeng
082 _a828 DRA
100 _aRAY ASHIS
245 _aONE DAY CRICKET THE INDIAN CHALLENGE
260 _c2007
_aNew Delhi
_bHarperCollins
300 _axxviii, : 386 : p. : cm. ; 21
365 _cRS
_b25
999 _c18653
_d18653